[Event "Ì11Ï"]
[Site "Loo"]
[Date "2017.04.25"]
[Round "6.55"]
[White "Ñòàðöåâ, Ìàêñèì."]
[Black "Ãàñàíîâ, Ôóàä."]
[Result "1/2-1/2"]
[WhiteElo "1196"]
[BlackElo "1390"]
[PlyCount "80"]
[EventDate "2017.04.20"]

1. Nf3 d5 2. d4 Nf6 3. e3 e6 4. c4 c6 5. Nc3 Nbd7 6. Bd3 Bb4 7. O-O O-O 8. Qc2
h6 9. a3 Bxc3 10. Qxc3 dxc4 11. Bxc4 Nd5 12. Qc2 N7b6 13. Bd3 Bd7 14. e4 Ne7
15. Bf4 Be8 16. Rfd1 Rc8 17. Qe2 f6 18. Rac1 g5 19. Bd2 Bh5 20. Bb4 Re8 21. Bb1
Ng6 22. Qc2 Qc7 23. d5 exd5 24. exd5 Nf4 25. dxc6 Ne2+ 26. Kh1 Nxc1 27. Rd7
Qxd7 28. cxd7 Rxc2 29. dxe8=Q+ Bxe8 30. Bxc2 Ne2 31. h3 Bc6 32. Kh2 Kg7 33. Bc5
Bd5 34. Nd4 Nxd4 35. Bxd4 Kf7 36. Bf5 Nc4 37. Bxa7 Nxb2 38. Bc5 Nc4 39. Kg3 Ne5
40. f3 Kg7 1/2-1/2

[Event "Ì11Ï"]
[Site "Loo"]
[Date "2017.04.25"]
[Round "6.56"]
[White "Ãðèãîðÿí, Ðîìàí."]
[Black "Ðåçâûé, Äìèòðèé."]
[Result "0-1"]
[WhiteElo "1187"]
[BlackElo "1360"]
[PlyCount "92"]
[EventDate "2017.04.20"]

1. e4 e6 2. d4 d5 3. Nd2 Nf6 4. e5 Nfd7 5. Bd3 c5 6. c3 Nc6 7. Ne2 cxd4 8. cxd4
f6 9. exf6 Nxf6 10. O-O Bd6 11. Nf3 O-O 12. Bf4 Bxf4 13. Nxf4 Kh8 14. Re1 Re8
15. Bb5 Qb6 16. Bxc6 bxc6 17. b3 Qc7 18. Nd3 Ne4 19. Nde5 Bb7 20. Rc1 a5 21.
Qc2 Rac8 22. Re3 Kg8 23. Nd2 Nxd2 24. Qxd2 Qb6 25. Rg3 c5 26. Nd7 Qb4 27. Qxb4
cxb4 28. Rc5 Rxc5 29. Nxc5 Bc8 30. h3 Kf8 31. Kf1 e5 32. dxe5 Rxe5 33. Rd3 d4
34. Na4 Ba6 35. Nb2 Bxd3+ 36. Nxd3 Rb5 37. Ke2 Ke7 38. Kf3 Rd5 39. Ke4 Rd7 40.
Ne5 d3 41. Nxd3 Rc7 42. Nf4 Rc2 43. Ke3 Rxa2 44. Ne2 Kd6 45. Nd4 Ra3 46. Kd2
Kd5 0-1

[Event "Ì11Ï"]
[Site "Loo"]
[Date "2017.04.25"]
[Round "6.57"]
[White "Æãèëåâ, Èâàí."]
[Black "Êóäèíîâ, Ðîìàí."]
[Result "0-1"]
[WhiteElo "1359"]
[BlackElo "1163"]
[PlyCount "86"]
[EventDate "2017.04.20"]

1. d4 Nf6 2. c4 g6 3. Nc3 Bg7 4. e4 d6 5. Nf3 O-O 6. Be2 e5 7. dxe5 dxe5 8.
Qxd8 Rxd8 9. Nxe5 Re8 10. Bf4 Nxe4 11. Nxe4 Bxe5 12. Bxe5 Rxe5 13. Rd1 Nc6 14.
Nf6+ Kg7 15. f4 Rxe2+ 16. Kxe2 Kxf6 17. Kf3 h5 18. h3 Be6 19. b3 Rh8 20. g4 Ke7
21. Rhe1 Kf8 22. gxh5 gxh5 23. b4 Bxh3 24. Ke4 Bg2+ 25. Kf5 Bh3+ 26. Ke4 f5+
27. Kd5 Nxb4+ 28. Ke6 Rh6+ 29. Kd7 Rh7+ 30. Kd8 Nc6+ 31. Kc8 Bg4 32. Rd3 h4 33.
Rh1 h3 34. Rh2 Re7 35. Kxb7 Na5+ 36. Kxa7 Nxc4 37. Rd8+ Re8 38. Rd7 Re7 39.
Rd8+ Kg7 40. Kb7 Bf3+ 41. Kb8 c5 42. Rxh3 Rb7+ 43. Kc8 Nb6# 0-1

[Event "Ì11Ï"]
[Site "Loo"]
[Date "2017.04.25"]
[Round "6.58"]
[White "Øàëèìîâ, Âëàäèìèð."]
[Black "Ñòàðîáûêèí, Ôåäîð."]
[Result "1/2-1/2"]
[WhiteElo "1087"]
[BlackElo "1350"]
[PlyCount "115"]
[EventDate "2017.04.20"]

1. e4 e6 2. d4 d5 3. exd5 exd5 4. Nf3 Nf6 5. Bd3 Bd6 6. c3 h6 7. O-O Be6 8. Re1
O-O 9. Qc2 Qd7 10. Nbd2 Nc6 11. Ne5 Bxe5 12. dxe5 Ne4 13. Nxe4 dxe4 14. Bxe4
Rad8 15. Bf4 Rfe8 16. Rad1 Qe7 17. Bf3 Qc5 18. Bxc6 Qxc6 19. a3 Bd5 20. f3 g5
21. Bg3 Kh8 22. Qf5 Qb6+ 23. Bf2 Qxb2 24. Qf6+ Kg8 25. Qxh6 Qxc3 26. Qxg5+ Kf8
27. Qh6+ Kg8 28. Qe3 Qxe3 29. Rxe3 Be6 30. Red3 Rxd3 31. Rxd3 b6 32. h4 c5 33.
g4 c4 34. Rc3 Rd8 35. Kf1 Rd7 36. Ke2 b5 37. h5 a5 38. Bc5 Rb7 39. Kd2 b4 40.
axb4 axb4 41. Rc1 Rb5 42. Bd4 Ra5 43. Rb1 Ra2+ 44. Kc1 b3 45. Rb2 Ra1+ 46. Rb1
Rxb1+ 47. Kxb1 Bd5 48. f4 Bf3 49. Kc1 Bxg4 50. h6 Kh7 51. Kd2 Kxh6 52. Ke3 Bf5
53. Kd2 Kh5 54. Kc3 Bd3 55. Be3 Kg6 56. Bc1 Kf5 57. Be3 Be4 58. Bc1 1/2-1/2

[Event "Ì11Ï"]
[Site "Loo"]
[Date "2017.04.25"]
[Round "6.60"]
[White "Ìàììàäîâ, Èëüãàð."]
[Black "Êîëûáèí, Ñåðãåé."]
[Result "0-1"]
[WhiteElo "1440"]
[BlackElo "1015"]
[PlyCount "132"]
[EventDate "2017.04.20"]

1. e4 d6 2. Nf3 Nf6 3. Nc3 g6 4. g3 Bg7 5. d3 O-O 6. Bg2 c6 7. O-O Qc7 8. Be3
b5 9. Qd2 Bb7 10. Bh6 Nbd7 11. Bxg7 Kxg7 12. Ne1 a6 13. f4 e5 14. f5 d5 15. h3
Nc5 16. b4 Ncd7 17. g4 Nb6 18. Qg5 h6 19. Qd2 Rad8 20. g5 hxg5 21. Qxg5 c5 22.
Nxd5 Nbxd5 23. exd5 Bxd5 24. bxc5 Qxc5+ 25. Rf2 Bxg2 26. Nxg2 e4 27. dxe4 Nxe4
28. f6+ Kg8 29. Qxc5 Nxc5 30. Re1 Ne6 31. Ne3 Ng5 32. Kh2 Ne4 33. Rf4 Rd2+ 34.
Kg1 Nc3 35. Rf2 Rxf2 36. Kxf2 Nxa2 37. Ra1 Nb4 38. c3 Nd3+ 39. Kf3 Rc8 40. Nd5
Rc5 41. Ke4 Nf2+ 42. Kd4 Rc4+ 43. Ke5 Nxh3 44. Rxa6 g5 45. Ra1 g4 46. Rh1 Kh7
47. Kf5 Kh6 48. Ne3 Rf4+ 49. Ke5 Kh5 50. Kd5 Rf3 51. Nd1 Rxf6 52. Ke5 Rf3 53.
Ke4 Kh4 54. Ne3 Kg5 55. Rf1 f5+ 56. Kd4 f4 57. Rxf3 gxf3 58. Nf1 Nf2 59. c4
bxc4 60. Kxc4 Kg4 61. Kc3 Kh3 62. Kd2 Kg2 63. Ne3+ fxe3+ 64. Kxe3 Nd1+ 65. Kd2
f2 66. Kxd1 f1=Q+ 0-1

[Event "Ì11Ï"]
[Site "Loo"]
[Date "2017.04.25"]
[Round "6.61"]
[White "Êîíèåâ, Öåðåí."]
[Black "Êîðîëåâ, Àðòåì (Ñ-Ï)."]
[Result "0-1"]
[WhiteElo "1083"]
[BlackElo "1403"]
[PlyCount "66"]
[EventDate "2017.04.20"]

1. e4 e5 2. Nf3 Nc6 3. Bc4 Nf6 4. Ng5 d5 5. exd5 Na5 6. Bd3 Qxd5 7. Qe2 Bd6 8.
O-O O-O 9. Re1 Nc6 10. c3 h6 11. Ne4 Nxe4 12. Bxe4 Qe6 13. d3 Qg4 14. Bf3 Qg6
15. Nd2 Bf5 16. Ne4 Bxe4 17. dxe4 Rad8 18. Be3 a6 19. b4 Be7 20. Rad1 Rxd1 21.
Rxd1 Rd8 22. h3 Qe6 23. Bg4 Rxd1+ 24. Qxd1 Qxa2 25. Qd7 Bd8 26. Kh2 Qc4 27. f3
b6 28. Bd2 Kf8 29. Kg3 a5 30. h4 a4 31. Bc1 Qxc3 32. b5 Qxc1 33. bxc6 Qf4+ 0-1

[Event "Ì11Ï"]
[Site "Loo"]
[Date "2017.04.25"]
[Round "6.63"]
[White "Âó, Âëàäèìèð."]
[Black "Êóçíåöîâ, Àëåêñàíäð."]
[Result "0-1"]
[WhiteElo "1042"]
[BlackElo "1369"]
[PlyCount "60"]
[EventDate "2017.04.20"]

1. e4 e5 2. Nf3 Nc6 3. Bc4 Nf6 4. Nc3 Nxe4 5. Nxe4 d5 6. Bd3 dxe4 7. Bxe4 Bd6
8. Qe2 O-O 9. d3 Be6 10. Ng5 Nd4 11. Qd1 h6 12. Nxe6 Nxe6 13. Bxb7 Rb8 14. Be4
f5 15. Bd5 Bb4+ 16. c3 Qxd5 17. cxb4 Qxg2 18. Ke2 Nd4+ 19. Kd2 Qxf2+ 20. Kc3
Ne2+ 21. Kc2 Ng3+ 22. Kb1 Nxh1 23. Qxh1 Rxb4 24. Qd5+ Kh7 25. Qxe5 Rfb8 26. a3
R4b5 27. Ra2 Rxe5 28. h4 Rc5 29. a4 Qc2+ 30. Ka1 Qxc1# 0-1

[Event "Ì11Ï"]
[Site "Loo"]
[Date "2017.04.25"]
[Round "6.88"]
[White "Èâàíàåâ, Âëàäèñëàâ."]
[Black "Çåëåíîâ, Òèìîôåé."]
[Result "1-0"]
[WhiteElo "1114"]
[BlackElo "1189"]
[PlyCount "103"]
[EventDate "2017.04.20"]

1. e4 e6 2. d4 d5 3. exd5 exd5 4. Bd3 Nf6 5. Nf3 Bd6 6. Bg5 Nbd7 7. Nbd2 O-O 8.
O-O Re8 9. c4 c6 10. c5 Bc7 11. Qc2 h6 12. Bh4 Bb8 13. Rfe1 Rf8 14. Bh7+ Kh8
15. Bd3 Kg8 16. b4 a6 17. a4 Bf4 18. b5 Qc7 19. Re7 Re8 20. Bxf6 Rxe7 21. Bxe7
axb5 22. Re1 Nf8 23. axb5 Ne6 24. Bh4 Bd7 25. b6 Qc8 26. Ne5 Nxd4 27. Qc3 Bxe5
28. Rxe5 Ne6 29. h3 Ra4 30. Bg3 Qa8 31. Nb1 Ra1 32. Kh2 Ra4 33. f4 Qd8 34. Bh7+
Kh8 35. Bc2 Ra8 36. f5 Nf8 37. Qd4 Qf6 38. Bh4 g5 39. fxg6 Qg7 40. gxf7 Ne6 41.
Rxe6 Qxd4 42. Bf6+ Qxf6 43. Rxf6 Kg7 44. Rd6 Rd8 45. Bf5 Kxf7 46. Rxd7+ Rxd7
47. Bxd7 Ke7 48. Bc8 Kd8 49. Bxb7 h5 50. Bxc6 d4 51. b7 Kc7 52. Kg3 1-0

[Event "Ì11Â"]
[Site "Loo"]
[Date "2017.04.25"]
[Round "6.1"]
[White "Äóäàðåâ, Âëàäèñëàâ."]
[Black "Êðèâåíêî, Äìèòðèé."]
[Result "1-0"]
[WhiteElo "2051"]
[BlackElo "1659"]
[PlyCount "109"]
[EventDate "2017.04.20"]

1. Nf3 d6 2. d4 Nf6 3. c4 g6 4. Nc3 Bg7 5. e4 O-O 6. Be2 Bg4 7. O-O Nfd7 8. Be3
Bxf3 9. Bxf3 Nc6 10. Be2 e5 11. d5 Ne7 12. Qd2 f5 13. f4 exf4 14. Bxf4 Nc5 15.
Bd3 Qd7 16. exf5 Nxf5 17. Bxf5 Rxf5 18. Rae1 Raf8 19. Bg3 Rxf1+ 20. Rxf1 Rxf1+
21. Kxf1 Qf5+ 22. Kg1 Bxc3 23. Qxc3 Ne4 24. Qe3 Nxg3 25. hxg3 Kf7 26. b3 b6 27.
Qh6 Qh5 28. Qf4+ Qf5 29. Kf2 Kf6 30. Kf3 h5 31. g4 hxg4+ 32. Kg3 g5 33. Qxg4
Qxg4+ 34. Kxg4 a5 35. Kh5 b5 36. a4 bxc4 37. bxc4 g4 38. Kxg4 Ke5 39. Kg5 Kd4
40. Kf6 Kxc4 41. g4 Kxd5 42. g5 c5 43. g6 c4 44. g7 c3 45. g8=Q+ Kd4 46. Qg1+
Kc4 47. Qd1 d5 48. Ke5 Kb4 49. Kxd5 Ka3 50. Kc4 Kb2 51. Kd3 c2 52. Qxc2+ Ka3
53. Qb1 Kxa4 54. Kc4 Ka3 55. Qa1# 1-0

[Event "Ì11Â"]
[Site "Loo"]
[Date "2017.04.25"]
[Round "6.2"]
[White "Âîëêîâ, Ìàêñèì."]
[Black "Êîëåñîâ, Ãîðäåé."]
[Result "1/2-1/2"]
[WhiteElo "1862"]
[BlackElo "1619"]
[PlyCount "111"]
[EventDate "2017.04.20"]

1. d4 Nf6 2. c4 g6 3. Nc3 Bg7 4. e3 d6 5. Nge2 O-O 6. g3 Nbd7 7. Bg2 c6 8. O-O
e5 9. b3 Qc7 10. Ba3 Re8 11. Qc2 Nf8 12. Rad1 Bf5 13. e4 Bd7 14. dxe5 dxe5 15.
Bd6 Qa5 16. Na4 b6 17. Qb2 Rad8 18. h3 Bc8 19. Nac3 Qa6 20. a4 Qb7 21. Qa3 h6
22. b4 Re6 23. Bxf8 Rxd1 24. Rxd1 Bxf8 25. Qb3 Re8 26. Nc1 Be6 27. b5 Rc8 28.
Bf1 cxb5 29. axb5 Nxe4 30. Bg2 f5 31. Nxe4 fxe4 32. Qb2 Bg7 33. Rd6 Bf7 34. Qd2
Rxc4 35. Rd8+ Kh7 36. Rd7 Rc7 37. Rd6 Qc8 38. Ne2 Rc2 39. Qd1 Rc4 40. Rd8 Qc5
41. Qd7 Qc7 42. Qd1 Rd4 43. Rxd4 exd4 44. Bxe4 Qe5 45. Qd3 Qd6 46. h4 Kh8 47.
Nf4 g5 48. hxg5 hxg5 49. Nh3 Qh6 50. Kg2 Be6 51. Ng1 Qf6 52. Nf3 Kg8 53. Bh7+
Kh8 54. Be4 Kg8 55. Bh7+ Kf8 56. Be4 1/2-1/2

[Event "Ì11Â"]
[Site "Loo"]
[Date "2017.04.25"]
[Round "6.3"]
[White "Ïîðîøèí, Àëåêñàíäð."]
[Black "Ïèíãèí, Àðòåì."]
[Result "0-1"]
[WhiteElo "1664"]
[BlackElo "1576"]
[PlyCount "98"]
[EventDate "2017.04.20"]

1. d4 d5 2. c4 e6 3. Nc3 c6 4. Nf3 dxc4 5. e3 b5 6. a4 Bb4 7. Bd2 Bxc3 8. Bxc3
a5 9. axb5 cxb5 10. b3 Bb7 11. bxc4 b4 12. Bb2 Nf6 13. Bd3 Nbd7 14. O-O O-O 15.
c5 Bc6 16. Bc2 Qc7 17. Ba4 Bd5 18. Qe2 Rfb8 19. Nd2 Ne4 20. Nxe4 Bxe4 21. f3
Bd5 22. e4 Bc6 23. Rfc1 Bxa4 24. Rxa4 e5 25. Qe3 exd4 26. Qxd4 f6 27. Qc4+ Kh8
28. Bd4 Qc6 29. Qb3 Ne5 30. Rca1 Rd8 31. Bf2 Qb5 32. Qa2 b3 33. Qb1 b2 34. R1a2
Rd1+ 35. Qxd1 b1=Q 36. Rd4 Qxa2 37. Rd8+ Rxd8 38. Qxd8+ Qg8 39. Qd2 h6 40. h4
a4 41. c6 Qxc6 42. Qd1 a3 43. g4 a2 44. g5 Qc3 45. gxf6 gxf6+ 46. Kh1 a1=Q 47.
Qxa1 Qxa1+ 48. Kh2 Nxf3+ 49. Kh3 Qf1# 0-1

[Event "Ì11Â"]
[Site "Loo"]
[Date "2017.04.25"]
[Round "6.4"]
[White "Ñèìîíÿí, Ãðèãîðèé."]
[Black "Âåòîõèí, Ñàââà."]
[Result "0-1"]
[WhiteElo "1937"]
[BlackElo "1657"]
[PlyCount "80"]
[EventDate "2017.04.20"]

1. e4 e6 2. c4 d5 3. exd5 exd5 4. cxd5 Nf6 5. Bb5+ Nbd7 6. Qe2+ Be7 7. d6 cxd6
8. Nf3 a6 9. Ba4 O-O 10. O-O b5 11. Bc2 Bb7 12. d4 Rc8 13. a3 Re8 14. Nc3 Bf8
15. Qd3 g6 16. h3 Nb6 17. Bg5 Nbd5 18. Rfe1 Rxe1+ 19. Rxe1 Bg7 20. Bb3 Nxc3 21.
bxc3 Qc7 22. Bd2 d5 23. a4 bxa4 24. Bxa4 Ne4 25. Rb1 Bc6 26. Bxc6 Qxc6 27. Rc1
a5 28. Bf4 a4 29. Nd2 a3 30. Nxe4 dxe4 31. Qe2 Qd5 32. Be3 Qb3 33. c4 a2 34.
Qf1 Qb2 35. Rd1 Rb8 36. c5 Qb1 37. c6 Qxd1 38. Qxd1 Rb1 39. Bc1 a1=Q 40. c7 Qc3
0-1

[Event "Ì11Â"]
[Site "Loo"]
[Date "2017.04.25"]
[Round "6.5"]
[White "Êî÷åòîâ, Âëàäèñëàâ."]
[Black "Ëûñöîâ, Ëåîíèä."]
[Result "0-1"]
[WhiteElo "1648"]
[BlackElo "1864"]
[PlyCount "82"]
[EventDate "2017.04.20"]

1. d4 g6 2. Nc3 Bg7 3. e4 d6 4. f4 Nf6 5. Nf3 O-O 6. Bd3 Nc6 7. e5 dxe5 8. fxe5
Nh5 9. Be3 Bg4 10. Be4 f6 11. exf6 exf6 12. Qd2 Re8 13. O-O-O f5 14. Bd5+ Kh8
15. Ng5 Re7 16. Rde1 Nb4 17. Nf7+ Rxf7 18. Bxf7 Qf6 19. Bc4 f4 20. Bf2 Bf5 21.
Bd3 Nxd3+ 22. cxd3 c6 23. Ne4 Qf7 24. b3 Qd5 25. Qb4 b6 26. Qc4 Qa5 27. Nd6
Qa3+ 28. Kb1 Qxd6 29. Kc2 Nf6 30. h3 Nd5 31. Rd1 Nb4+ 32. Kb1 b5 33. Qc3 c5 34.
a3 Nxd3 35. Rxd3 c4 36. bxc4 bxc4 37. Qxc4 Qxa3 38. Kc2 Bxd3+ 39. Qxd3 Rc8+ 40.
Kd2 Qb2+ 41. Kd1 Rc1# 0-1

[Event "Ì11Â"]
[Site "Loo"]
[Date "2017.04.25"]
[Round "6.6"]
[White "Þøèí, Èãîðü."]
[Black "Øåêà, Íèêîëàé."]
[Result "0-1"]
[WhiteElo "1801"]
[BlackElo "1399"]
[PlyCount "96"]
[EventDate "2017.04.20"]

1. d4 d5 2. Nf3 c5 3. c3 Nc6 4. e3 e6 5. Bd3 Nf6 6. Nbd2 Bd6 7. O-O O-O 8. dxc5
Bxc5 9. e4 Ng4 10. Qe2 Re8 11. Nb3 Bb6 12. Bg5 Qc7 13. exd5 Nce5 14. Nxe5 exd5
15. Bf4 Nxe5 16. Rfe1 Bg4 17. Bxe5 Bxe2 18. Bxc7 Bxd3 19. Bxb6 axb6 20. a3 Bc4
21. Nd4 g6 22. f3 Rac8 23. Kf2 f6 24. Nc2 Bb3 25. Nb4 Kf7 26. h3 g5 27. g4 Re5
28. Rxe5 fxe5 29. Re1 Kf6 30. Nd3 Re8 31. Ke2 Bc4 32. Kd2 e4 33. Nf2 Rd8 34.
fxe4 dxe4+ 35. Ke3 Ke5 36. Rb1 h6 37. b3 Bd5 38. c4 Bc6 39. Rd1 Rf8 40. b4 Rf3+
41. Ke2 b5 42. c5 Rxa3 43. Rd6 Ra2+ 44. Ke3 Bd5 45. Rd8 Ra3+ 46. Kd2 e3+ 47.
Ke2 exf2 48. Kxf2 Rxh3 0-1

[Event "Ì11Â"]
[Site "Loo"]
[Date "2017.04.25"]
[Round "6.7"]
[White "Ãàøåâ, Ìàòâåé."]
[Black "Ìàíåëþê, Äàíèèë."]
[Result "0-1"]
[WhiteElo "1582"]
[BlackElo "1976"]
[PlyCount "94"]
[EventDate "2017.04.20"]

1. c4 e6 2. Nf3 d5 3. d4 c6 4. Nc3 dxc4 5. e3 b5 6. a4 b4 7. Ne4 Ba6 8. Qc2 Qd5
9. Ned2 c3 10. bxc3 bxc3 11. Qxc3 Bxf1 12. Nxf1 Nf6 13. Ng3 Be7 14. O-O O-O 15.
Ba3 Bxa3 16. Qxa3 Nbd7 17. Rfc1 Rac8 18. Qa2 c5 19. Qxd5 Nxd5 20. dxc5 Nxc5 21.
Nd4 Nd3 22. Rxc8 Rxc8 23. Rb1 N5b4 24. Ne4 e5 25. Nf5 Rc2 26. Nfd6 g6 27. Nf6+
Kg7 28. Nde8+ Kf8 29. Nd6 Ke7 30. Nde4 h5 31. h3 Ke6 32. g4 hxg4 33. hxg4 a5
34. g5 Ra2 35. f4 exf4 36. exf4 Nxf4 37. Re1 Kf5 38. Rf1 Nbd3 39. Nc3 Rg2+ 40.
Kh1 Nf2+ 41. Rxf2 Rxf2 42. Kg1 Rc2 43. Nfe4 Ne2+ 44. Nxe2 Kxe4 45. Ng3+ Kf3 46.
Nf1 Rc1 47. Kh2 Rxf1 0-1

[Event "Ì11Â"]
[Site "Loo"]
[Date "2017.04.25"]
[Round "6.8"]
[White "Ôîìêèí, Äìèòðèé."]
[Black "Õóáóêøàíîâ, Ýðäýì."]
[Result "1/2-1/2"]
[WhiteElo "1579"]
[BlackElo "1791"]
[PlyCount "63"]
[EventDate "2017.04.20"]

1. e4 c5 2. Nf3 Nc6 3. Bb5 g6 4. Bxc6 bxc6 5. O-O Bg7 6. c3 Nf6 7. Re1 O-O 8.
d4 cxd4 9. cxd4 Rb8 10. Nc3 d6 11. h3 Qc7 12. Qc2 Ne8 13. Bf4 Qb6 14. Na4 Qb5
15. Rac1 Bd7 16. Bg5 f6 17. Bf4 e5 18. Bh2 c5 19. Nc3 Qxb2 20. Qd3 Bb5 21. Qe3
cxd4 22. Nxd4 Bh6 23. Qxh6 exd4 24. Nd5 Rf7 25. Rb1 Qxa2 26. Ra1 Qb3 27. Rab1
Qa3 28. Ra1 Qb2 29. Rab1 Qa3 30. Ra1 Qb2 31. Rab1 Qa3 32. Ra1 1/2-1/2

[Event "Ì11Â"]
[Site "Loo"]
[Date "2017.04.25"]
[Round "6.9"]
[White "Îñíîâèí, Åãîð."]
[Black "Èâ÷åíêî, Àëåêñàíäð."]
[Result "0-1"]
[WhiteElo "1512"]
[BlackElo "1664"]
[PlyCount "80"]
[EventDate "2017.04.20"]

1. e4 c6 2. d4 d5 3. f3 g6 4. Nc3 Bg7 5. Be3 e6 6. Qd2 Ne7 7. h4 h5 8. Nh3 c5
9. exd5 exd5 10. O-O-O Nbc6 11. Bb5 a6 12. Bxc6+ Nxc6 13. Rde1 Be6 14. Bg5 Qd7
15. Nf4 cxd4 16. Ncxd5 Qd6 17. Nf6+ Bxf6 18. Bxf6 Rh7 19. Re2 Kd7 20. Nxe6 fxe6
21. Rhe1 Re8 22. Bg5 Rf7 23. Rd1 e5 24. Kb1 Re6 25. Ree1 b5 26. c3 Rf5 27. cxd4
exd4 28. Rxe6 Qxe6 29. Ka1 Re5 30. g4 hxg4 31. fxg4 Qxg4 32. a3 a5 33. Bf6 Re6
34. Bg5 b4 35. axb4 axb4 36. Rf1 Re5 37. Rf7+ Ke8 38. Rf1 Ra5+ 39. Kb1 Qe4+ 40.
Kc1 Ra1# 0-1

[Event "Ì11Â"]
[Site "Loo"]
[Date "2017.04.25"]
[Round "6.10"]
[White "Ñàâåëüåâ, Èâàí."]
[Black "Ôîìèí, Íèêèòà."]
[Result "1-0"]
[WhiteElo "1478"]
[BlackElo "1612"]
[PlyCount "87"]
[EventDate "2017.04.20"]

1. e4 c5 2. c3 d5 3. exd5 Qxd5 4. d4 Nc6 5. Nf3 Bg4 6. Be2 O-O-O 7. Be3 cxd4 8.
cxd4 e5 9. Nxe5 Bxe2 10. Qxe2 Nxe5 11. dxe5 Qxg2 12. Qf1 Qd5 13. Nd2 Bb4 14.
Rd1 Kb8 15. Rg1 Qxe5 16. Qe2 Nf6 17. Bxa7+ Kxa7 18. Qxe5 Rhe8 19. Qxe8 Rxe8+
20. Kf1 Rd8 21. Ke2 Re8+ 22. Kf3 g6 23. a3 Bc5 24. b4 Bf8 25. Rge1 Rc8 26. Ne4
Nh5 27. Rc1 Rd8 28. Red1 Re8 29. Rc7 f5 30. Nd6 Re6 31. Rxb7+ Ka6 32. b5+ Ka5
33. Ra7+ Kb6 34. Ra6+ Kc7 35. Rc6+ Kd7 36. Nxf5+ Ke8 37. Rxe6+ Kf7 38. Ra6 gxf5
39. Rd7+ Kg8 40. Ra8 Ng7 41. Rdd8 Ne6 42. Re8 Kf7 43. Rxe6 Kxe6 44. Rxf8 1-0

[Event "Ì11Â"]
[Site "Loo"]
[Date "2017.04.25"]
[Round "6.11"]
[White "Ìåäâåäåâ, Ìàòâåé."]
[Black "Ãðóíèí, Äåíèñ."]
[Result "1-0"]
[WhiteElo "1605"]
[BlackElo "1556"]
[PlyCount "147"]
[EventDate "2017.04.20"]

1. e4 e5 2. Nf3 Nc6 3. Bc4 Nf6 4. Ng5 d5 5. exd5 Na5 6. d3 h6 7. Nf3 e4 8. Qe2
Nxc4 9. dxc4 Bc5 10. c3 b5 11. b3 O-O 12. Nd4 Bxd4 13. cxd4 Bg4 14. Qc2 bxc4
15. bxc4 c6 16. dxc6 Qxd4 17. Bb2 Qd6 18. Ba3 Qd4 19. Bxf8 Qxa1 20. O-O Rb8 21.
Ba3 Qe5 22. Nc3 Rc8 23. c5 Rxc6 24. Nb5 a6 25. Nc3 Bf5 26. Qd2 Nd7 27. Na4 Be6
28. Rb1 Qd5 29. Qxd5 Bxd5 30. Rb7 Be6 31. h3 Kf8 32. Nb6 Ke8 33. Nxd7 Bxd7 34.
Kf1 Be6 35. Rb2 Kd7 36. Ke2 Bc4+ 37. Ke3 f5 38. g3 g6 39. h4 g5 40. hxg5 hxg5
41. Kd4 Bd3 42. Ke3 Ke6 43. f4 g4 44. Kd4 Kd7 45. Rb7+ Rc7 46. Rb2 Rc6 47. Rh2
Bb5 48. Bc1 Ke6 49. Be3 Rc7 50. Rh6+ Ke7 51. Ke5 Ke8 52. Kxf5 Rd7 53. Kxe4 Re7+
54. Kd4 Rd7+ 55. Rd6 Rxd6+ 56. cxd6 Bd7 57. a3 a5 58. Ke5 Kf7 59. f5 Bb5 60.
Bg5 Ke8 61. Kd5 a4 62. Ke4 Kd7 63. Ke5 Bc4 64. Be7 Ke8 65. Kf4 Be2 66. Bg5 Kd7
67. f6 Bc4 68. Kxg4 Kxd6 69. Kh5 Bf7+ 70. Kh6 Be8 71. g4 Bf7 72. Bh4 Be8 73. g5
Bf7 74. g6 1-0

[Event "Ì11Â"]
[Site "Loo"]
[Date "2017.04.25"]
[Round "6.12"]
[White "Îãëîáëèí, Èëüÿ."]
[Black "Ìàêîâ, Àðòåì."]
[Result "1-0"]
[WhiteElo "1475"]
[BlackElo "1604"]
[PlyCount "131"]
[EventDate "2017.04.20"]

1. e4 c5 2. Nf3 Nc6 3. d4 cxd4 4. Nxd4 g6 5. Nc3 Bg7 6. Be3 Nf6 7. f3 O-O 8. g4
Qb6 9. Rb1 Nxe4 10. Nxe4 Bxd4 11. Bxd4 Qxd4 12. Qxd4 Nxd4 13. Kf2 Nxc2 14. Bh3
d6 15. Bg2 Nb4 16. a3 Nc6 17. h3 Be6 18. Kg3 Rac8 19. f4 Nd4 20. g5 Rc2 21. Nc3
Nf5+ 22. Kh2 Ne3 23. Rhg1 Bd7 24. Rbe1 Nxg2 25. Rxg2 Rxg2+ 26. Kxg2 Bc6+ 27.
Kg3 Re8 28. b4 b6 29. Rc1 Bb7 30. Nb5 a6 31. Rc7 Rb8 32. Na7 Kf8 33. b5 axb5
34. Nxb5 Ke8 35. a4 Kd8 36. h4 Ba6 37. Rc6 Bc8 38. Nc7 Bd7 39. Rc3 Bxa4 40. Nd5
Bd7 41. Re3 Be6 42. Nb4 Kd7 43. Ra3 Rb7 44. Ra8 d5 45. Nd3 Kc7 46. Re8 Kd7 47.
Rh8 Rc7 48. Ne5+ Kd6 49. Rxh7 d4 50. Nxf7+ Kd5 51. Ne5 Ke4 52. Nxg6 Rc3+ 53.
Kf2 Rc2+ 54. Kf1 Bc4+ 55. Ke1 Re2+ 56. Kd1 e6 57. Ne5 Bb5 58. g6 Kxf4 59. Rh5
Rg2 60. Rg5 Rxg5 61. hxg5 Kxg5 62. g7 Kf6 63. g8=Q Kxe5 64. Qg5+ Ke4 65. Qxb5
e5 66. Qxb6 1-0

[Event "Ì11Â"]
[Site "Loo"]
[Date "2017.04.25"]
[Round "6.13"]
[White "Âîëêîâ, Èëüÿ."]
[Black "Ãîäæóðîâ, Ëèäæè."]
[Result "1-0"]
[WhiteElo "1404"]
[BlackElo "1587"]
[PlyCount "57"]
[EventDate "2017.04.20"]

1. e4 c5 2. Nf3 d6 3. d4 cxd4 4. Nxd4 Nf6 5. Nc3 a6 6. Be2 e5 7. Nf3 h6 8. O-O
Be7 9. Re1 Be6 10. h3 Nbd7 11. Be3 O-O 12. Qd2 Rc8 13. Rad1 b5 14. Bd3 Nb6 15.
b3 Qc7 16. Ne2 d5 17. Bxb6 Qxb6 18. exd5 e4 19. dxe6 exf3 20. Nf4 a5 21. exf7+
Rxf7 22. Bg6 Bb4 23. Bxf7+ Kxf7 24. Qe3 Bxe1 25. Qxb6 Re8 26. Nd5 Nxd5 27. Rxd5
Bc3 28. Rd7+ Kg8 29. Rd8 1-0

[Event "Ì11Â"]
[Site "Loo"]
[Date "2017.04.25"]
[Round "6.14"]
[White "Ïåòðîâñêèé, Íèêèòà."]
[Black "Àëåêñååâ, Àíäðåé."]
[Result "1-0"]
[WhiteElo "1583"]
[BlackElo "1257"]
[PlyCount "89"]
[EventDate "2017.04.20"]

1. e4 d5 2. exd5 Nf6 3. d4 Nxd5 4. Nf3 g6 5. c4 Nb6 6. Nc3 Bg7 7. c5 Nd5 8. Bc4
c6 9. O-O Bf5 10. Qb3 e6 11. Qxb7 Nd7 12. Qxc6 Rc8 13. Qa4 Nxc3 14. bxc3 O-O
15. Bf4 Be4 16. Bb5 Nb8 17. Qxa7 Nc6 18. Bxc6 Bxc6 19. Bd6 Bxf3 20. gxf3 Qg5+
21. Bg3 e5 22. Rfd1 exd4 23. cxd4 Rcd8 24. Qa4 h5 25. h4 Qf5 26. Bd6 Rfe8 27.
Qb3 Bf6 28. Qd3 Qh3 29. f4 Qxh4 30. Qg3 Qxg3+ 31. fxg3 Re4 32. Be5 Bxe5 33.
fxe5 Rexd4 34. Rxd4 Rxd4 35. Rc1 Rd8 36. a4 Kf8 37. c6 Ke7 38. c7 Rc8 39. a5
Kd7 40. Kf2 Rxc7 41. Rxc7+ Kxc7 42. Ke3 Kc6 43. Kf4 Kb5 44. Kg5 Kxa5 45. Kf6
1-0

[Event "Ì11Â"]
[Site "Loo"]
[Date "2017.04.25"]
[Round "6.15"]
[White "Òþãàøåâ, Ãðèãîðèé."]
[Black "Ïîíêðàòîâ, Àëåêñåé."]
[Result "0-1"]
[WhiteElo "1524"]
[BlackElo "1391"]
[PlyCount "102"]
[EventDate "2017.04.20"]

1. d4 Nf6 2. c4 g6 3. Nc3 d5 4. cxd5 Nxd5 5. e4 Nxc3 6. bxc3 Bg7 7. f4 c5 8. e5
f6 9. Bc4 cxd4 10. cxd4 fxe5 11. fxe5 Qb6 12. Bb3 Be6 13. Nf3 Bxb3 14. Qxb3
Qxb3 15. axb3 Nc6 16. O-O O-O 17. Bb2 Rfd8 18. Rad1 Rd5 19. Bc3 Rad8 20. Rd2
Bh6 21. Re2 Rb5 22. Rb1 Nb4 23. g4 Nd5 24. Bd2 Bxd2 25. Rxd2 Rc8 26. Rd3 Rc2
27. Ne1 Rc8 28. Ng2 Rb6 29. Kf2 Rbc6 30. Ke1 Rc2 31. Kf1 Rxg2 32. Kxg2 Nf4+ 33.
Kf3 Nxd3 34. Ke3 Rc1 35. Rxc1 Nxc1 36. Kd2 Nxb3+ 37. Kc3 Nxd4 38. Kxd4 Kf7 39.
Kd5 a5 40. g5 a4 41. e6+ Ke8 42. Kc4 b5+ 43. Kb4 Kd8 44. h4 Kc7 45. h5 gxh5 46.
g6 hxg6 47. Ka3 h4 48. Kb4 h3 49. Kc5 h2 50. Kxb5 h1=Q 51. Kxa4 Qb7 0-1

[Event "Ì11Â"]
[Site "Loo"]
[Date "2017.04.25"]
[Round "6.16"]
[White "Åðìàêîâ, Ìàêñèì."]
[Black "Òàíäåëîâ, Àðñåíèé."]
[Result "1-0"]
[WhiteElo "1429"]
[BlackElo "1305"]
[PlyCount "103"]
[EventDate "2017.04.20"]

1. d4 d5 2. Nf3 Nf6 3. e3 Bf5 4. c4 c6 5. Nc3 e6 6. Bd3 Bxd3 7. Qxd3 Bd6 8. O-O
O-O 9. e4 dxe4 10. Nxe4 Nxe4 11. Qxe4 h6 12. Bd2 Nd7 13. Bc3 Nf6 14. Qc2 Rc8
15. Rad1 Qe7 16. Rfe1 Rfd8 17. Qb3 Qc7 18. d5 cxd5 19. Bxf6 gxf6 20. cxd5 e5
21. Qe3 Kg7 22. Nh4 Qd7 23. Qe4 Rh8 24. Re3 Kf8 25. Rf3 Be7 26. Nf5 Ke8 27. Ne3
b5 28. Ng4 Rc4 29. Nxf6+ Bxf6 30. Qe3 Bg7 31. b3 Rc8 32. d6 Rd8 33. Qe4 Rg8 34.
Rc3 f5 35. Qd5 Qf7 36. Qxb5+ Qd7 37. Qd5 Qf7 38. d7+ Kf8 39. Qc5+ Qe7 40. Qxa7
Bf6 41. Rc6 Qg7 42. g3 Be7 43. Qb6 Qg4 44. Rd5 Qf3 45. Qb5 f4 46. Rxe5 Qd1+ 47.
Kg2 f3+ 48. Kh3 Qh1 49. Rf5+ Kg7 50. Qe5+ Bf6 51. Qxf6+ Kh7 52. Qxh6# 1-0